[Event "Moscow op-B"]
[Site "Moscow"]
[Date "2009.11.20"]
[Round "1"]
[White "Rublev, Sergey"]
[Black "Natacheev, Peter"]
[Result "0-1"]
[WhiteElo "2128"]
[BlackElo "2179"]
[PlyCount "95"]
[EventDate "2009.01.31"]
[EventType "swiss"]
[EventRounds "9"]
[EventCountry "RUS"]
[SourceTitle "EXT 2012"]
[Source "ChessBase"]
[SourceDate "2011.11.24"]
[SourceVersion "1"]
[SourceVersionDate "2011.11.24"]
[SourceQuality "1"]

1. e4 d5 2. exd5 Qxd5 3. Nc3 Qd6 4. d4 Nf6 5. Nf3 a6 6. Be3 b5 7. Bd3 Bb7 8. h3 Nbd7 9. 0-0 h6 10. Nd2 e6 11. Nce4 Nxe4 12. Bxe4 Bxe4 13. Nxe4 Qc6 14. Qf3 0-0-0 15. Rfc1 Nf6 16. Nd2 Qxf3 17. Nxf3 Bd6 18. c4 bxc4 19. Rxc4 Nd5 20. Rac1 f6 21. Nd2 f5 22. Nf3 g5 23. Ne5 Rh7 24. Nc6 Rg8 25. Ra4 g4 26. Rxa6 Kd7 27. hxg4 Rhg7 28. g5 f4 29. Bd2 Rxg5 30. Kf1 Rxg2 31. Ke2 Rh2 32. Ne5+ Bxe5 33. dxe5 Rgg2 34. Be1 Rg5 35. Bc3 Nxc3+ 36. Rxc3 Rxe5+ 37. Kf3 Rh3+ 38. Kxf4 Rf5+ 39. Ke4 Rxc3 40. bxc3 Rxf2 41. Ra8 Rh2 42. Rh8 Rh3 43. Kd4 Rh4+ 44. Ke5 Rh5+ 45. Kd4 Kd6 46. Rd8+ Kc6 47. Ke4 Kb7 48. Rh8 0-1

[Event "Moscow op-B"]
[Site "Moscow"]
[Date "2009.02.08"]
[Round "9"]
[White "Bronnikov, Konstantin Alexandr"]
[Black "Rublev, Sergey"]
[Result "1-0"]
[WhiteElo "2285"]
[BlackElo "2128"]
[PlyCount "29"]
[EventDate "2009.01.31"]
[EventType "swiss"]
[EventRounds "9"]
[EventCountry "RUS"]
[SourceTitle "EXT 2012"]
[Source "ChessBase"]
[SourceDate "2011.11.24"]
[SourceVersion "1"]
[SourceVersionDate "2011.11.24"]
[SourceQuality "1"]

1. e4 e5 2. Nf3 Nc6 3. Nc3 Nf6 4. Bb5 Bb4 5. 0-0 d6 6. Nd5 Bc5 7. d4 exd4 8. Bg5 Bg4 9. b4 Bb6 10. h3 Bd7 11. a4 Ne5 12. Nxe5 Bxb5 13. Ng4 Bxf1 14. Ngxf6+ gxf6 15. Bxf6 1-0

[Event "Moscow op-B"]
[Site "Moscow"]
[Date "2009.02.07"]
[Round "8"]
[White "Mikhailov, Alexander B"]
[Black "Rublev, Sergey"]
[Result "1-0"]
[WhiteElo "2227"]
[BlackElo "2128"]
[PlyCount "89"]
[EventDate "2009.01.31"]
[EventType "swiss"]
[EventRounds "9"]
[EventCountry "RUS"]
[SourceTitle "EXT 2012"]
[Source "ChessBase"]
[SourceDate "2011.11.24"]
[SourceVersion "1"]
[SourceVersionDate "2011.11.24"]
[SourceQuality "1"]

1. Nf3 d5 2. c4 d4 3. b4 g6 4. g3 Bg7 5. d3 e5 6. Bg2 Ne7 7. 0-0 0-0 8. Nbd2 a5 9. Ba3 axb4 10. Bxb4 Nbc6 11. a3 f5 12. Qb3 h6 13. Ne1 Ra7 14. Nc2 Rf6 15. Bc5 b6 16. Bxe7 Qxe7 17. Nb4 Nxb4 18. axb4 c6 19. Ra4 Rxa4 20. Qxa4 Bf8 21. Rb1 Qc7 22. b5 Bd7 23. bxc6 Bxc6 24. Bxc6 Rxc6 25. Qa8 Rd6 26. Qe8 Qe7 27. Qb8 Qg5 28. Nf3 Qf6 29. Qb7 Bg7 30. Ra1 Re6 31. Ra7 g5 32. h3 Kh7 33. g4 fxg4 34. hxg4 Qf8 35. Qe4+ Kh8 36. Nxd4 Re7 37. Rxe7 Qxe7 38. Nf5 Qa3 39. Nxg7 Qa1+ 40. Kg2 Kxg7 41. Qb7+ Kg8 42. Qxb6 Qa8+ 43. f3 Qa1 44. Qxh6 Qc1 45. Qe6+ 1-0

[Event "Moscow op-B"]
[Site "Moscow"]
[Date "2009.02.01"]
[Round "2"]
[White "Meshechko, Julia"]
[Black "Rublev, Sergey"]
[Result "1/2-1/2"]
[WhiteElo "1897"]
[BlackElo "2128"]
[PlyCount "40"]
[EventDate "2009.01.31"]
[EventType "swiss"]
[EventRounds "9"]
[EventCountry "RUS"]
[SourceTitle "EXT 2012"]
[Source "ChessBase"]
[SourceDate "2011.11.24"]
[SourceVersion "1"]
[SourceVersionDate "2011.11.24"]
[SourceQuality "1"]

1. e4 e5 2. Nf3 Nc6 3. d4 exd4 4. Nxd4 Bc5 5. Nxc6 Qf6 6. Qd2 dxc6 7. Bd3 Be6 8. 0-0 0-0-0 9. Qf4 Bd4 10. Qxf6 Nxf6 11. Nd2 c5 12. a4 Rhe8 13. Rb1 c4 14. Nxc4 Bxc4 15. Bxc4 Nxe4 16. c3 Bc5 17. Bxf7 Re7 18. Bc4 Nxf2 19. b4 Nh3+ 20. Kh1 Nf2+ 1/2-1/2